Online
Catalog

Notas para el estudio de la geografía / (Record no. 30167)

MARC details
000 -CABECERA
campo de control de longitud fija 00457nam a2200157 a 4500
001 - NÚMERO DE CONTROL
campo de control 000030675
005 - FECHA Y HORA DE LA ÚLTIMA TRANSACCIÓN
campo de control 20200930062439.0
008 - DATOS DE LONGITUD FIJA--INFORMACIÓN GENERAL
campo de control de longitud fija 110525s1917 dr bc 000 | spa d
040 ## - FUENTE DE LA CATALOGACIÓN
Centro catalogador/agencia de origen DO-SdBNP
Lengua de catalogación spa
Centro/agencia transcriptor BNPHU
082 ## - NÚMERO DE LA CLASIFICACIÓN DECIMAL DEWEY
Número de clasificación xxx
Número de documento/Ítem W373n
049 ## - FONDOS LOCALES (OCLC)
Fondos de biblioteca BNPD
100 1# - ENTRADA PRINCIPAL--NOMBRE DE PERSONA
Nombre de persona Weber, Luis A.
9 (RLIN) 57254
245 10 - MENCIÓN DE TÍTULO
Título Notas para el estudio de la geografía /
Mención de responsabilidad, etc. Luis A. Weber.
260 ## - PUBLICACIÓN, DISTRIBUCIÓN, ETC.
Lugar de publicación, distribución, etc. Santo Domingo :
Nombre del editor, distribuidor, etc. Montalvo Hnos.,
Fecha de publicación, distribución, etc. 1917.
300 ## - DESCRIPCIÓN FÍSICA
Extensión v. :
Otras características físicas mapas, retrs. ;
Dimensiones 18 cm.
Holdings
Estado de retiro Estado de pérdida Restricciones de uso No para préstamo Código de colección Localización permanente Ubicación/localización actual Ubicación en estantería Fecha de adquisición Número de inventario Total de préstamos Signatura topográfica completa Código de barras Fecha visto por última vez Precio válido a partir de Tipo de ítem Koha Nota pública
      Excluido de préstamo Raros y valiosos Patrimonio Dominicano Patrimonio Dominicano En catalogación 25.05.2011 LF1   xxx W373n 30675-10 25.06.2020 25.06.2020 No se presta Perteneció a la biblioteca personal de Carlos Larrazábal Blanco.

Powered by Koha